| 000 | 00769nas a2200253 4500 | ||
|---|---|---|---|
| 001 | BR7902250 | ||
| 003 | BR-BrBNA | ||
| 005 | 20231205083702.0 | ||
| 007 | ta | ||
| 008 | 230509b bl.|||p| |||| 00| 00por d | ||
| 040 |
_aBR-BrBNA _bpor _cBiblioteca Nacional de Agricultura |
||
| 041 | _a(Pt) | ||
| 072 | _aH20 | ||
| 100 | 1 | _aMoraes, S.A. de | |
| 100 | 1 | _aSoave, J. | |
| 100 | 1 | _aSavy Filho, A. | |
| 245 | 1 | _aReacoes de 10 variedades de amendoim (Arachis hypogaea L.)a verrrugose (Sphaceloma arachidis Bit e Jenk) | |
| 650 | _aAMENDOIM | ||
| 650 | _aVERRUGOSE | ||
| 650 | _aVARIEDADE RESISTENTE | ||
| 773 | 0 |
_tEcossistema (Brazil) _xISSN 0100-4107 _g(Sep 1978), v. 3(3) p. 43-46 _wBR7902250 |
|
| 909 |
_a202311 _bLúcia _c55 _dLúcia Elande |
||
| 942 |
_2AGRIS _n0 _cANA |
||
| 999 |
_c100547 _d100547 |
||